[Event "Marseille op 16th"]
[Site "Marseille"]
[Date "2023.12.30"]
[Round "4"]
[White "Gachbar, Imrane"]
[Black "Baroyan, Davit"]
[Result "1/2-1/2"]
[WhiteElo "1885"]
[BlackElo "2203"]
[PlyCount "67"]
[EventDate "2023.12.30"]
[EventType "swiss"]
[EventRounds "9"]
[EventCountry "FRA"]
[SourceTitle "CB01_2024"]
[SourceDate "2024.01.03"]
[SourceVersion "1"]
[SourceVersionDate "2024.01.03"]
[SourceQuality "1"]

1. d4 d5 2. c4 e6 3. Nc3 c6 4. cxd5 exd5 5. Nf3 Bd6 6. Bg5 Qb6 7. Qc2 Na6 8. e3 Ne7 9. a3 Bf5 10. Qd2 Nc7 11. Bh4 a5 12. Be2 0-0 13. Bg3 Ne8 14. 0-0 Bxg3 15. hxg3 Qd8 16. b4 b5 17. Ne5 Nd6 18. Qb2 f6 19. Nf3 Nc4 20. Bxc4 bxc4 21. Nh4 Bd3 22. Rfe1 Rb8 23. Na4 g5 24. Nf3 Rb5 25. Nc5 Bf5 26. Qc3 Nc8 27. Nd2 Nd6 28. f3 Nb7 29. e4 Nxc5 30. bxc5 Bg6 31. exd5 Qxd5 32. Qxc4 Rd8 33. Qc3 Rf8 34. Nc4 1/2-1/2

[Event "FRA-ch U12/16"]
[Site "Agen"]
[Date "2023.04.24"]
[Round "2"]
[White "Gachbar, Imrane"]
[Black "Cassam Chenai, Antoine"]
[Result "0-1"]
[WhiteElo "1730"]
[BlackElo "2172"]
[PlyCount "165"]
[EventDate "2023.04.23"]
[EventType "swiss"]
[EventRounds "9"]
[EventCountry "FRA"]
[SourceTitle "CBM 214 Extra"]
[Source "ChessBase"]
[SourceDate "2023.07.31"]
[SourceVersion "1"]
[SourceVersionDate "2023.07.31"]
[SourceQuality "1"]

1. d4 d5 2. c4 e6 3. Nc3 a6 4. cxd5 exd5 5. Nf3 Nf6 6. Bg5 Be6 7. e3 Nbd7 8. Bd3 Bd6 9. Qc2 c6 10. 0-0 Qc7 11. Bh4 Bg4 12. Bg3 Bxg3 13. hxg3 h5 14. Nh2 Qd6 15. Bf5 Bxf5 16. Qxf5 Kf8 17. Nf3 Re8 18. Rab1 g6 19. Qf4 Qxf4 20. gxf4 Ng4 21. g3 f6 22. Kg2 Nb6 23. Rfc1 Nc4 24. Na4 Nh6 25. Nc5 Nd6 26. b4 Kf7 27. Na4 Nhf5 28. Nc3 Nc4 29. a4 b5 30. axb5 axb5 31. Ra1 Ra8 32. e4 dxe4 33. Nxe4 Rhd8 34. Rxa8 Rxa8 35. Nc3 Ne7 36. Rc2 Nd5 37. Ra2 Rxa2 38. Nxa2 Ke6 39. Kf1 Na3 40. Ne1 Kf5 41. f3 Nc4 42. Kf2 Nb2 43. Nc2 h4 44. gxh4 Nd3+ 45. Kg3 N3xf4 46. Nc1 Nh5+ 47. Kf2 Nhf4 48. Kg3 Nh5+ 49. Kf2 Ke6 50. Nd3 Ng7 51. Nde1 Nf5 52. Ng2 Kf7 53. f4 Kg7 54. Kf3 Kh6 55. Kg4 Nc3 56. Nge3 Nxe3+ 57. Nxe3 f5+ 58. Kf3 Kh5 59. Nc2 Kxh4 60. Ne1 Nd5 61. Nd3 g5 62. fxg5 Kxg5 63. Kg3 f4+ 64. Kf2 Kf6 65. Ke2 Ke6 66. Kf2 Kf6 67. Ke2 Kf5 68. Kf3 Kg5 69. Kf2 Kg4 70. Ne5+ Kf5 71. Nxc6 Ke4 72. Na7 Nc3 73. Nc6 Kd5 74. Ne7+ Kxd4 75. Kf3 Nd5 76. Nc6+ Kd3 77. Na7 Kc4 78. Ke4 Kxb4 79. Kxd5 f3 80. Nc6+ Kc3 81. Nd4 f2 82. Ne2+ Kd3 83. Nf4+ 0-1